000 00684cam a22002054a 4500
020 _a0821351486
082 0 0 _a388.4
_bCIT
_cN-01, P-100
110 2 _aWorld Bank.
_94999
245 1 0 _aCities on the move :
_ba World Bank urban transport strategy review.
260 _aWashington, DC :
_bWorld Bank,
_c2002.
300 _axxi, 206 p. :
_bill. ;
_c28 cm.
500 _a"The author of the report is Ken Gwilliam"--P. vii.
526 _a0
_b0
_c0
_d388_400000000000000_CIT
650 0 _aNUST
_96342
650 0 _aUrban transportation.
650 0 _aUrbanization.
700 1 _aGwilliam, K. M.
_938728
856 4 1 _uhttp://www.loc.gov/catdir/toc/fy034/2002025882.html
942 _2ddc
_cBK
999 _c543372
_d543372